00505 2200169 4500001002100000008004100021035002000062245007700082110002100159260003800180300002500218020001700243084001700260082001100277650003400288990001300322INLIS000000000000280 ind  a0010-0120000280 aKurikulum dan Hasil Belajar FiqihbMadrasah TsanawiyahcDepartemen Agama aDepartemen Agama aJakarta :bDepartemen Agamac2003 aiii, 25 hlm.c26 cm. aNOISBN-00038 a297.14 KUR k a297.14 aFikih -- Studi dan Pengajaran a21900280